| 000 | 00938nam a2200253 a 4500 | ||
|---|---|---|---|
| 999 |
_c435790 _d435790 |
||
| 003 | BLK | ||
| 005 | 20250509120448.0 | ||
| 008 | 210816b bul|||||r ||||||| ||bul|| | ||
| 020 | _a9789542836278 | ||
| 040 | _aBLK | ||
| 041 |
_aBUL _cBUL |
||
| 080 |
_aКубинска литература _b821.134.2(729.1) _x-31 _z821.134.2(729.1)-31 |
||
| 100 |
_aГарсия, Габриела _eпърви автор _9466856 |
||
| 139 |
_aГарсия, Габриела _bГ 23 |
||
| 245 | 1 | 0 |
_aЗа жените и солта _bРоман _cГабриела Гарсия ; прев. Паулина Мичева |
| 260 |
_aСофия _bСиела Норма _c2021 _9217021 |
||
| 300 |
_a250 с. _c21 см |
||
| 380 | _aX | ||
| 700 |
_aМичева, Паулина Стойчева _9368043 |
||
| 852 |
_bП _c821-31/Г 23 Г |
||
| 942 |
_cKNG _n0 _s1 _034 |
||
| 944 |
_aCR _c2021-11-04 _k30542 _lРусанова Ирена |
||
| 999 | _d435775 | ||